| 000 | 00799nam a22002655i 4500 | ||
|---|---|---|---|
| 001 | SSB064681 | ||
| 003 | PILC | ||
| 005 | 20160205151252.0 | ||
| 008 | 130806s2014 cau 000 0 eng | ||
| 010 | _a2013947177 | ||
| 020 | _a9781849206143 (pbk.) | ||
| 040 |
_aDLC _beng _erda _cDLC |
||
| 042 | _apcc | ||
| 050 |
_aBF 636.67 _b.P942 2014 |
||
| 100 | 1 | _aProctor, Gillian. | |
| 245 | 1 | 0 |
_aValues and ethics in counselling and psychotherapy / _cGillian Proctor. |
| 250 | _a1st edition. | ||
| 260 |
_aLos Angeles : _bSage, _c2014. |
||
| 263 | _a1403. | ||
| 300 |
_aviii, 252 pages ; _c24 cm. |
||
| 500 | _aIncludes bibliographical references and index. | ||
| 650 | 0 |
_aCounseling _xMoral and ethical aspects. |
|
| 650 | 0 |
_aPsychotherapy _xMoral and ethical aspects. |
|
| 942 |
_2lcc _cBK _kFOR |
||
| 999 |
_c288906 _d288906 |
||